Song Titles: Fill In The Missing Word - Musical Genres (1990's Songs) - Statistics

General Stats
  • This quiz has been taken 17 times
  • The average score is 8 of 20
Answer Stats
Artist Song Title % Correct
Pulp {Disco} 2000
81%
Fugees (+featured artists) Rumble In The {Jungle}
75%
Blur Country {House}
69%
Suede {Metal} Mickey
69%
Beats International {Dub} Be Good To Me
63%
Album track Oasis {Rock} {n} {Roll} Star
63%
Naughty By Nature {Hip} {Hop} Hooray
56%
Charlatans North {Country} Boy
56%
Lauryn Hill {Doo} {Wop} (That Thing)
50%
Pulp This Is {Hardcore}
44%
Paul Weller Heavy {Soul}
31%
Travis All I Want To Do Is {Rock}
19%
Woolpackers {Hillbilly} Rock {Hillbilly} Roll
19%
SL2 On A {Ragga} Tip
19%
Sebadoh Gimme {Indie} Rock
13%
EP/Album track The Fall {Glam} Racket
13%
Cornershop Born Disco Died {Heavy} {Metal}
6%
Radiohead {Pop} Is Dead
6%
Sagat {Funk} Dat
0%
Album track Cramps Sheena's In A {Goth} Gang
0%
No matching quizzes found
Score Distribution
Percent of People with Each Score
Percentile by Number Answered
Your Score History
You have not taken this quiz